<?xml version="1.0" encoding="UTF-8"?>
<record
    xmlns:xsi="http://www.w3.org/2001/XMLSchema-instance"
    xsi:schemaLocation="http://www.loc.gov/MARC21/slim http://www.loc.gov/standards/marcxml/schema/MARC21slim.xsd"
    xmlns="http://www.loc.gov/MARC21/slim">

  <leader>01813nam a2200277 a 4500</leader>
  <controlfield tag="001">000014712</controlfield>
  <controlfield tag="003">DO-SdBNP</controlfield>
  <controlfield tag="005">20240412074241.0</controlfield>
  <controlfield tag="007">ta</controlfield>
  <controlfield tag="008">100119s2001    dr      r     000 1 spa d</controlfield>
  <datafield tag="040" ind1=" " ind2=" ">
    <subfield code="a">DO-SdBNP</subfield>
    <subfield code="b">spa</subfield>
    <subfield code="c">BNPHU</subfield>
  </datafield>
  <datafield tag="082" ind1=" " ind2="4">
    <subfield code="a">RD861.44</subfield>
    <subfield code="b">H765m</subfield>
    <subfield code="2">22</subfield>
  </datafield>
  <datafield tag="245" ind1="0" ind2="0">
    <subfield code="a">Homenaje a las madres dominicanas :</subfield>
    <subfield code="b">a trav&#xE9;s de 20 de nuestros poetas m&#xE1;s representativos /</subfield>
    <subfield code="c">compilaci&#xF3;n y pr&#xF3;logo Mateo Morrison.</subfield>
  </datafield>
  <datafield tag="260" ind1=" " ind2=" ">
    <subfield code="a">Santo Domingo :</subfield>
    <subfield code="b">Baninter,</subfield>
    <subfield code="c">2001.</subfield>
  </datafield>
  <datafield tag="300" ind1=" " ind2=" ">
    <subfield code="a">58 p. ;</subfield>
    <subfield code="c">22 cm.</subfield>
  </datafield>
  <datafield tag="490" ind1="1" ind2=" ">
    <subfield code="a">Espacios culturales</subfield>
    <subfield code="v">14</subfield>
  </datafield>
  <datafield tag="505" ind1="2" ind2=" ">
    <subfield code="a">A mi madre /</subfield>
    <subfield code="r">Salom&#xE9; Ure&#xF1;a de Henr&#xED;quez --</subfield>
    <subfield code="t">Oraci&#xF3;n a la madre ida /</subfield>
    <subfield code="r">Manuel Llanes --</subfield>
    <subfield code="t">Mi vieja se muere /</subfield>
    <subfield code="r">Domingo Moreno Jimenes --</subfield>
    <subfield code="t">Remate /</subfield>
    <subfield code="r">Manuel del Cabral --</subfield>
    <subfield code="t">Los caballos de suro vienen por el viento /</subfield>
    <subfield code="r">Franklin Mieses Burgos --</subfield>
    <subfield code="t">Maternidad /</subfield>
    <subfield code="r">Manuel Rueda --</subfield>
    <subfield code="t">A mi madre /</subfield>
    <subfield code="r">Antonio Fern&#xE1;ndez Sp&#xE9;ncer --</subfield>
    <subfield code="t">La casa /</subfield>
    <subfield code="r">A&#xED;da Cartagena Portalat&#xED;n --</subfield>
    <subfield code="t">&#xA1;Duele En&#xE9;rsida! /</subfield>
    <subfield code="r">V&#xED;ctor Villegas --</subfield>
    <subfield code="t">Como la fuente /</subfield>
    <subfield code="r">Lupo Hern&#xE1;ndez Rueda.</subfield>
  </datafield>
  <datafield tag="505" ind1="2" ind2=" ">
    <subfield code="a">Llueve y es que es mayo dulce se&#xF1;ora /</subfield>
    <subfield code="r">M&#xE1;ximo Avil&#xE9;s Blonda --</subfield>
    <subfield code="t">Clavel encendido /</subfield>
    <subfield code="r">Rodolfo Coiscou Weber --</subfield>
    <subfield code="t">Palabras para una madre muerta /</subfield>
    <subfield code="r">Abel fern&#xE1;ndez Mej&#xED;a --</subfield>
    <subfield code="t">Amor infinito, abnegaci&#xF3;n infinita /</subfield>
    <subfield code="r">Abel abreu Mej&#xED;a --</subfield>
    <subfield code="t">Madre mujer /</subfield>
    <subfield code="r">Fedrico J&#xF3;vine Berm&#xFA;dez --</subfield>
    <subfield code="t">Iniciaci&#xF3;n del sobresalto /</subfield>
    <subfield code="r">Mateo Morrison --</subfield>
    <subfield code="t">Carta a mam&#xE1; en blanco y negro /</subfield>
    <subfield code="r">Luis Manuel Ledesma --</subfield>
    <subfield code="t">Amada --</subfield>
    <subfield code="r">Tony Raful /</subfield>
    <subfield code="t">Meci&#xE9;ndose en su agua /</subfield>
    <subfield code="r">Miguel Antonio Jim&#xE9;nez --</subfield>
    <subfield code="t">Madre /</subfield>
    <subfield code="r">Carmen S&#xE1;nchez.</subfield>
  </datafield>
  <datafield tag="590" ind1=" " ind2=" ">
    <subfield code="a">Inventariado, 2018/BT</subfield>
  </datafield>
  <datafield tag="650" ind1=" " ind2="4">
    <subfield code="a">Poes&#xED;a dominicana</subfield>
    <subfield code="9">66</subfield>
  </datafield>
  <datafield tag="650" ind1=" " ind2="0">
    <subfield code="a">Literatura dominicana.</subfield>
    <subfield code="9">67</subfield>
  </datafield>
  <datafield tag="700" ind1="1" ind2=" ">
    <subfield code="a">Morrison, Mateo,</subfield>
    <subfield code="d">1947-</subfield>
    <subfield code="e">comp.</subfield>
    <subfield code="9">1469</subfield>
  </datafield>
  <datafield tag="830" ind1=" " ind2="0">
    <subfield code="a">Espacios culturales</subfield>
    <subfield code="n">14</subfield>
    <subfield code="9">33367</subfield>
  </datafield>
  <datafield tag="910" ind1=" " ind2=" ">
    <subfield code="a">Validado. Control de calidad MMOLINA</subfield>
  </datafield>
  <datafield tag="942" ind1=" " ind2=" ">
    <subfield code="2">ddc</subfield>
    <subfield code="c">LF2</subfield>
  </datafield>
  <datafield tag="952" ind1=" " ind2=" ">
    <subfield code="0">0</subfield>
    <subfield code="1">0</subfield>
    <subfield code="2">ddc</subfield>
    <subfield code="5">6</subfield>
    <subfield code="7">0</subfield>
    <subfield code="8">DS</subfield>
    <subfield code="a">BNPHU</subfield>
    <subfield code="b">BNPHU</subfield>
    <subfield code="c">HD</subfield>
    <subfield code="d">2010-01-19</subfield>
    <subfield code="o">BNPHU DS RD861.44 H765m</subfield>
    <subfield code="p">14712-30</subfield>
    <subfield code="r">2020-06-25</subfield>
    <subfield code="t">e. 3</subfield>
    <subfield code="w">2020-06-25</subfield>
    <subfield code="y">LF2</subfield>
  </datafield>
  <datafield tag="952" ind1=" " ind2=" ">
    <subfield code="0">0</subfield>
    <subfield code="1">0</subfield>
    <subfield code="2">ddc</subfield>
    <subfield code="5">6</subfield>
    <subfield code="7">0</subfield>
    <subfield code="8">DS</subfield>
    <subfield code="a">BNPHU</subfield>
    <subfield code="b">BNPHU</subfield>
    <subfield code="c">HD</subfield>
    <subfield code="d">2010-01-19</subfield>
    <subfield code="o">BNPHU DS RD861.44 H765m</subfield>
    <subfield code="p">14712-40</subfield>
    <subfield code="r">2020-06-25</subfield>
    <subfield code="t">e. 4</subfield>
    <subfield code="w">2020-06-25</subfield>
    <subfield code="y">LF2</subfield>
  </datafield>
  <datafield tag="952" ind1=" " ind2=" ">
    <subfield code="0">0</subfield>
    <subfield code="1">0</subfield>
    <subfield code="2">ddc</subfield>
    <subfield code="5">6</subfield>
    <subfield code="7">0</subfield>
    <subfield code="8">DS</subfield>
    <subfield code="a">BNPHU</subfield>
    <subfield code="b">BNPHU</subfield>
    <subfield code="c">HD</subfield>
    <subfield code="d">2010-01-19</subfield>
    <subfield code="o">BNPHU DS RD861.44 H765m</subfield>
    <subfield code="p">14712-50</subfield>
    <subfield code="r">2020-06-25</subfield>
    <subfield code="t">e. 5</subfield>
    <subfield code="w">2020-06-25</subfield>
    <subfield code="y">LBS1</subfield>
  </datafield>
  <datafield tag="952" ind1=" " ind2=" ">
    <subfield code="0">0</subfield>
    <subfield code="1">0</subfield>
    <subfield code="2">ddc</subfield>
    <subfield code="5">1</subfield>
    <subfield code="7">0</subfield>
    <subfield code="8">PD</subfield>
    <subfield code="a">BNPHU</subfield>
    <subfield code="b">BNPHU</subfield>
    <subfield code="c">HD</subfield>
    <subfield code="d">2010-01-19</subfield>
    <subfield code="o">BNPHU PD RD861.44 H765m</subfield>
    <subfield code="p">14712-10</subfield>
    <subfield code="r">2020-06-25</subfield>
    <subfield code="w">2020-06-25</subfield>
    <subfield code="y">LF2</subfield>
  </datafield>
  <datafield tag="952" ind1=" " ind2=" ">
    <subfield code="0">0</subfield>
    <subfield code="1">0</subfield>
    <subfield code="2">ddc</subfield>
    <subfield code="5">1</subfield>
    <subfield code="7">0</subfield>
    <subfield code="8">PD</subfield>
    <subfield code="a">BNPHU</subfield>
    <subfield code="b">BNPHU</subfield>
    <subfield code="c">HD</subfield>
    <subfield code="d">2010-01-19</subfield>
    <subfield code="o">BNPHU PD RD861.44 H765m</subfield>
    <subfield code="p">14712-20</subfield>
    <subfield code="r">2020-06-25</subfield>
    <subfield code="t">e. 2</subfield>
    <subfield code="w">2020-06-25</subfield>
    <subfield code="y">LF2</subfield>
  </datafield>
  <datafield tag="999" ind1=" " ind2=" ">
    <subfield code="c">14295</subfield>
    <subfield code="d">14295</subfield>
  </datafield>
</record>
